Statistics for Palmeiras 2022 Squad

Click here to take the quiz!

General Stats

  • This quiz has been taken 23 times
  • The average score is 26 of 33

Answer Stats

#PositionPlayer% Correct
-CoachAbel Ferreira
95%
15DFGustavo Gómez
95%
14MFGustavo Scarpa
95%
13DFLuan
95%
2DFMarcos Rocha
95%
26DFMurilo
95%
7FWDudu
90%
22DFJoaquín Piquerez
90%
42GKMarcelo Lomba
90%
23MFRaphael Veiga
90%
10FWRony
90%
21GKWeverton
90%
8MFZé Rafael
90%
18FWFlaco López
86%
25MFGabriel Menino
86%
16FWEndrick
81%
27FWGabriel Veron
81%
12DFMayke
81%
36MFVanderlan
81%
19FWBreno Lopes
76%
1GKVinícius
76%
11FWWesley
76%
28MFDanilo
71%
16FWDeyverson
71%
9FWMiguel Merentiel
71%
27MFBruno Tabata
67%
30MFJailson
67%
29FWRafael Navarro
67%
20MFEduard Atuesta
62%
6DFJorge
52%
5MFPatrick de Paula
52%
4DFBenjamín Kuscevic
48%
3DFRenan
29%

Score Distribution

Percentile by Number Answered

Percent of People with Each Score

Your Score History

You have not taken this quiz